[Event "Dortmund op-B"]
[Site "Dortmund"]
[Date "2009.07.05"]
[Round "2"]
[White "Weiss, Manfred"]
[Black "Schwerdtfeger, Lukas"]
[Result "1/2-1/2"]
[WhiteElo "1476"]
[BlackElo "968"]
[PlyCount "120"]
[EventDate "2009.07.04"]
[EventType "swiss"]
[EventRounds "9"]
[EventCountry "GER"]
[SourceTitle "EXT 2012"]
[Source "ChessBase"]
[SourceDate "2011.11.24"]
[SourceVersion "1"]
[SourceVersionDate "2011.11.24"]
[SourceQuality "1"]

1. e4 e5 2. Nf3 Nc6 3. d4 exd4 4. Nxd4 Bc5 5. Be3 Qf6 6. Nb5 Bxe3 7. fxe3 Qe5 8. N1c3 a6 9. Nd4 Nge7 10. Bc4 0-0 11. 0-0 Qg5 12. Qf3 Ne5 13. Qe2 Nxc4 14. Qxc4 Qxe3+ 15. Rf2 Nc6 16. Nxc6 dxc6 17. Qf1 Be6 18. Kh1 b5 19. Re2 Qb6 20. Qe1 Rfe8 21. a3 c5 22. Nd5 Qd6 23. Rd1 Bg4 24. e5 Qc6 25. Nf6+ gxf6 26. Qg3 f5 27. h3 Kh8 28. hxg4 fxg4 29. Qxg4 Rg8 30. Qf4 Raf8 31. Qf6+ Qxf6 32. exf6 Rd8 33. Rxd8 Rxd8 34. Re7 h6 35. Rxf7 c6 36. Ra7 Rd6 37. Rxa6 Rxf6 38. a4 b4 39. Rb6 Rf2 40. a5 Rxc2 41. a6 Rxb2 42. a7 Ra2 43. Rb8+ Kg7 44. a8Q Rxa8 45. Rxa8 b3 46. Rc8 c4 47. Rxc6 b2 48. Rxc4 b1Q+ 49. Kh2 Qb8+ 50. Kh1 Qf8 51. Rg4+ Kh7 52. Rh4 Qe8 53. Rh3 h5 54. Rf3 Qe7 55. Rh3 h4 56. Rf3 Kh6 57. Rh3 Kg5 58. Rf3 Kg4 59. Rh3 Kg5 60. Rf3 Qb7 1/2-1/2

[Event "Dortmund Sparkassen op-B"]
[Site "Dortmund"]
[Date "2008.06.30"]
[Round "1"]
[White "Tran, Duc Cuong"]
[Black "Weiss, Manfred"]
[Result "1-0"]
[WhiteElo "1765"]
[BlackElo "1472"]
[PlyCount "120"]
[EventDate "2008.06.30"]
[EventType "swiss"]
[EventRounds "9"]
[EventCountry "GER"]
[SourceTitle "EXT 2022"]
[Source "ChessBase"]
[SourceDate "2021.10.06"]
[SourceVersion "1"]
[SourceVersionDate "2021.10.06"]
[SourceQuality "1"]

1. e4 c5 2. c3 d6 3. Nf3 Nf6 4. Be2 e6 5. 0-0 Nc6 6. Qc2 Be7 7. d4 cxd4 8. cxd4 Bd7 9. Nc3 Rc8 10. a3 a6 11. Bf4 0-0 12. Qd2 Nh5 13. Be3 Nf6 14. d5 Ne5 15. Nxe5 dxe5 16. d6 Bc6 17. dxe7 Qxe7 18. Bf3 Rfd8 19. Qe2 Rd7 20. Rfd1 Rcd8 21. Rxd7 Rxd7 22. Rd1 Qd8 23. Rxd7 Qxd7 24. Qd2 h6 25. Qxd7 Nxd7 26. Be2 f5 27. Bd3 f4 28. Bd2 Nc5 29. Bc2 Kf7 30. b4 Nd7 31. Na4 g5 32. Nc5 Kf6 33. Nxd7+ Bxd7 34. f3 h5 35. h3 Bb5 36. Kf2 Ke7 37. Bc3 Kf6 38. Bd1 Bc6 39. g3 Bb5 40. h4 Bc6 41. hxg5+ Kxg5 42. Bxe5 fxg3+ 43. Bxg3 h4 44. f4+ Kg6 45. Bxh4 Bxe4 46. Bf3 Kf5 47. Bg3 Bc6 48. Bxc6 bxc6 49. Ke3 Kg4 50. Bh2 Kh3 51. Bg1 Kg4 52. Ke4 Kg3 53. Ke5 Kf3 54. Bh2 Ke3 55. Kxe6 Kd3 56. f5 Kc3 57. f6 Kb3 58. f7 Kxa3 59. f8Q Ka4 60. Qc5 a5 1-0

[Event "Dortmund op-B"]
[Site "Dortmund"]
[Date "2007.06.24"]
[Round "3"]
[White "Weiss, Manfred"]
[Black "Fistoul, Boris"]
[Result "1-0"]
[WhiteElo "1448"]
[BlackElo "1155"]
[PlyCount "55"]
[EventDate "2007.06.22"]
[EventType "swiss"]
[EventRounds "9"]
[EventCountry "GER"]
[SourceTitle "EXT 2008"]
[Source "ChessBase"]
[SourceDate "2007.11.25"]
[SourceVersion "1"]
[SourceVersionDate "2007.11.25"]
[SourceQuality "1"]

1. e4 e6 2. d4 d5 3. Bd3 c5 4. c3 c4 5. Bc2 Nc6 6. Qe2 Be7 7. Nf3 Nf6 8. e5 Nd7 9. 0-0 0-0 10. Nbd2 f5 11. exf6 Rxf6 12. Re1 Nf8 13. Nf1 Ng6 14. Bg5 Nf4 15. Qe3 Nh3+ 16. gxh3 Rf8 17. Bxe7 Qxe7 18. Ne5 Qf6 19. Nxc6 bxc6 20. Qg3 Rf7 21. Re3 g6 22. Rae1 a6 23. Nd2 Raa7 24. Rf3 Qe7 25. Rxf7 Qxf7 26. Re3 Qe7 27. h4 Rb7 28. b3 1-0

[Event "Dortmund op-B"]
[Site "Dortmund"]
[Date "2007.06.23"]
[Round "2"]
[White "Hardt, Helmut"]
[Black "Weiss, Manfred"]
[Result "1-0"]
[WhiteElo "1826"]
[BlackElo "1448"]
[PlyCount "97"]
[EventDate "2007.06.22"]
[EventType "swiss"]
[EventRounds "9"]
[EventCountry "GER"]
[SourceTitle "EXT 2008"]
[Source "ChessBase"]
[SourceDate "2007.11.25"]
[SourceVersion "1"]
[SourceVersionDate "2007.11.25"]
[SourceQuality "1"]

1. e4 c5 2. Nf3 d6 3. Bb5+ Bd7 4. a4 Nc6 5. 0-0 Nf6 6. Re1 a6 7. Bf1 g6 8. c3 Bg7 9. d4 cxd4 10. cxd4 0-0 11. Nc3 e6 12. Bf4 d5 13. e5 Nh5 14. Bg5 f6 15. exf6 Nxf6 16. Ne5 Qc7 17. Rc1 Ne8 18. Qd2 Nxe5 19. Nxd5 Qd6 20. Ne7+ Kh8 21. dxe5 Bxe5 22. Qxd6 Bxd6 23. Bc4 Ng7 24. Rcd1 Bc5 25. Bh4 b5 26. Rxd7 bxc4 27. Rc7 Bxe7 28. Bxe7 Rf7 29. Bd6 Rxc7 30. Bxc7 Rc8 31. Be5 Rd8 32. g4 Rd2 33. Rc1 Re2 34. f4 g5 35. Rxc4 Kg8 36. Rc8+ Kf7 37. Rc7+ Ke8 38. Rxg7 gxf4 39. Bxf4 Rxb2 40. Ra7 Rb4 41. Bg3 Rxa4 42. h3 Ra2 43. Rxh7 a5 44. g5 Kf8 45. g6 Re2 46. Bd6+ Kg8 47. Be7 Re5 48. Bf6 Rf5 49. Rh8# 1-0

[Event "Dortmund Sparkassen op-B"]
[Site "Dortmund"]
[Date "2006.08.06"]
[Round "9"]
[White "Duschek, Guenter"]
[Black "Weiss, Manfred"]
[Result "1/2-1/2"]
[WhiteElo "1679"]
[BlackElo "1365"]
[PlyCount "130"]
[EventDate "2006.07.28"]
[EventType "swiss"]
[EventRounds "9"]
[EventCountry "GER"]
[SourceTitle "CBM 113 Extra"]
[Source "ChessBase"]
[SourceDate "2006.09.14"]
[SourceVersion "1"]
[SourceVersionDate "2006.09.14"]
[SourceQuality "1"]

1. d4 d5 2. Bf4 Nf6 3. Nf3 g6 4. e3 Bg7 5. c3 0-0 6. h3 Re8 7. Na3 c6 8. Nc2 Nbd7 9. Be2 Ne4 10. h4 Qb6 11. Rb1 e5 12. dxe5 Nxe5 13. Nxe5 Bxe5 14. Bxe5 Rxe5 15. Nd4 Qd8 16. Nf3 Qf6 17. Qd4 Re6 18. Qxf6 Rxf6 19. 0-0 Bg4 20. Rbd1 Re8 21. Nd4 Bxe2 22. Nxe2 h5 23. Nd4 Nc5 24. Rd2 Kg7 25. b4 Ne4 26. Rc2 g5 27. hxg5 Nxg5 28. a4 h4 29. Ne2 Rh8 30. f3 h3 31. Nf4 hxg2 32. Rxg2 Rf5 33. Rg4 Kf6 34. Kg2 Ne6 35. Nxe6 fxe6 36. Kf2 Rh2+ 37. Rg2 Rxg2+ 38. Kxg2 Rh5 39. Kg3 Rg5+ 40. Kf2 Rh5 41. Ke2 Rh2+ 42. Kd3 b6 43. Ra1 e5 44. Rf1 Ra2 45. Rh1 Rxa4 46. Rh6+ Ke7 47. Rxc6 Kd7 48. Rh6 b5 49. f4 exf4 50. exf4 a5 51. bxa5 Rxa5 52. Kd4 Ra4+ 53. Ke5 b4 54. cxb4 Rxb4 55. Rd6+ Ke7 56. Rxd5 Rb6 57. Kf5 Kf7 58. Rd7+ Kf8 59. Kg5 Ra6 60. f5 Rb6 61. f6 Rb1 62. Rd5 Kf7 63. Rd7+ Kf8 64. Kf5 Rf1+ 65. Ke6 Re1+ 1/2-1/2

[Event "Dortmund Sparkassen op-B"]
[Site "Dortmund"]
[Date "2006.08.03"]
[Round "6"]
[White "Weiss, Manfred"]
[Black "Stockhuss, Kevin"]
[Result "0-1"]
[WhiteElo "1365"]
[BlackElo "1542"]
[PlyCount "56"]
[EventDate "2006.07.28"]
[EventType "swiss"]
[EventRounds "9"]
[EventCountry "GER"]
[SourceTitle "CBM 113 Extra"]
[Source "ChessBase"]
[SourceDate "2006.09.14"]
[SourceVersion "1"]
[SourceVersionDate "2006.09.14"]
[SourceQuality "1"]

1. e4 c5 2. Nf3 Nc6 3. d4 cxd4 4. Nxd4 Nf6 5. Nc3 e5 6. Nb3 Bb4 7. Qf3 0-0 8. Bd2 d6 9. 0-0-0 Bg4 10. Qd3 Bxd1 11. Kxd1 Bxc3 12. Bxc3 d5 13. exd5 Nxd5 14. Kc1 Nxc3 15. Qxc3 Rc8 16. Qh3 Qg5+ 17. Kb1 Nb4 18. Bd3 Nxd3 19. cxd3 Rfd8 20. g3 Qg6 21. Rd1 e4 22. Ka1 exd3 23. f4 Qc6 24. Qf1 Qe4 25. Nd2 Qe2 26. Qh1 Rc2 27. Qf3 Rxd2 28. Qxe2 Rxe2 0-1

[Event "Dortmund op-B"]
[Site "Dortmund"]
[Date "2005.07.14"]
[Round "6"]
[White "Wiedemann, Jan"]
[Black "Weiss, Manfred"]
[Result "1-0"]
[WhiteElo "1627"]
[BlackElo "1272"]
[PlyCount "61"]
[EventDate "2005.07.08"]
[EventType "swiss"]
[EventRounds "9"]
[EventCountry "GER"]
[SourceTitle "CBM 107 Extra"]
[Source "ChessBase"]
[SourceDate "2005.09.01"]
[SourceVersion "1"]
[SourceVersionDate "2005.09.01"]
[SourceQuality "1"]

1. d4 d5 2. Nf3 e6 3. Bf4 Bd6 4. Bg3 Nf6 5. e3 Ne4 6. Bd3 Nd7 7. Nbd2 Ndf6 8. c3 0-0 9. Qc2 Nxd2 10. Qxd2 b6 11. Qc2 Bb7 12. Bh4 g6 13. 0-0 Re8 14. Ne5 Be7 15. Bb5 Rf8 16. Bxf6 Bxf6 17. Nd7 a6 18. Nxf6+ Qxf6 19. Bd3 b5 20. Rfe1 c6 21. e4 Rfe8 22. Re3 Qd8 23. Rae1 Qd7 24. Qe2 Kg7 25. h4 Rh8 26. Qg4 Qe7 27. e5 Raf8 28. Rf3 Bc8 29. Rf6 h5 30. Rxg6+ Kh7 31. Qxh5# 1-0

[Event "Dortmund op-B"]
[Site "Dortmund"]
[Date "2005.07.12"]
[Round "5"]
[White "Weiss, Manfred"]
[Black "Daebel, Hasso"]
[Result "1-0"]
[WhiteElo "1272"]
[BlackElo "1441"]
[PlyCount "103"]
[EventDate "2005.07.08"]
[EventType "swiss"]
[EventRounds "9"]
[EventCountry "GER"]
[SourceTitle "CBM 107 Extra"]
[Source "ChessBase"]
[SourceDate "2005.09.01"]
[SourceVersion "1"]
[SourceVersionDate "2005.09.01"]
[SourceQuality "1"]

1. e4 c5 2. Nf3 Nc6 3. d4 cxd4 4. Nxd4 g6 5. Nc3 Bg7 6. Be3 a6 7. Qd2 Nf6 8. h3 Qa5 9. Nb3 Qe5 10. Bd3 d5 11. 0-0-0 dxe4 12. Bf4 Qf5 13. g4 Qd7 14. Nxe4 Nxe4 15. Bxe4 Qxd2+ 16. Rxd2 0-0 17. Rhd1 Be6 18. Rd3 Nb4 19. R3d2 Nc6 20. Kb1 Bc8 21. Nc5 Na5 22. b3 e5 23. Be3 f5 24. Bd5+ Kh8 25. f3 f4 26. Bf2 Rb8 27. Be6 Bxe6 28. Nxe6 Bf6 29. Nxf8 Rxf8 30. Rd7 Nc6 31. Rxb7 Nd4 32. Bxd4 exd4 33. Rb6 Bg7 34. Rxa6 Rd8 35. c4 d3 36. c5 d2 37. Kc2 Bf8 38. c6 Bc5 39. Rxd2 Rc8 40. Rd7 g5 41. c7 Bf8 42. Ra7 Be7 43. Rxe7 h5 44. Rd7 hxg4 45. Rd8+ Kg7 46. hxg4 Rxc7+ 47. Rxc7+ Kf6 48. Rc5 Kf7 49. Rc6 Ke7 50. Rh8 Kf7 51. Rh7+ Kg8 52. Ra7 1-0

[Event "Dortmund op-B"]
[Site "Dortmund"]
[Date "2005.07.11"]
[Round "4"]
[White "Huemmecke, Aaron"]
[Black "Weiss, Manfred"]
[Result "0-1"]
[WhiteElo "887"]
[BlackElo "1272"]
[PlyCount "90"]
[EventDate "2005.07.08"]
[EventType "swiss"]
[EventRounds "9"]
[EventCountry "GER"]
[SourceTitle "CBM 107 Extra"]
[Source "ChessBase"]
[SourceDate "2005.09.01"]
[SourceVersion "1"]
[SourceVersionDate "2005.09.01"]
[SourceQuality "1"]

1. e4 c5 2. d4 cxd4 3. c3 dxc3 4. Nxc3 Nc6 5. Nf3 d6 6. Bc4 Nf6 7. e5 dxe5 8. Nxe5 Qxd1+ 9. Kxd1 Nxe5 10. Bb5+ Bd7 11. Bf4 Nc6 12. h3 e6 13. g4 Rd8 14. Bg5 Be7 15. Kc2 Nd4+ 16. Kb1 Nxb5 17. Ne2 Bc6 18. a4 Bxh1 19. Ka2 Bd5+ 20. b3 Nd6 21. Ka3 Nde4+ 22. b4 Nxg5 23. f4 Nxh3 24. g5 Bf3 25. gxf6 Bxf6 26. Re1 Bxe2 27. Rxe2 Nxf4 28. Rf2 Rd3+ 29. Ka2 Be5 30. Rc2 Kd7 31. Kb1 Rc8 32. Rh2 Rcc3 33. Rxh7 Rh3 34. Rxh3 Rxh3 35. a5 Rh2 36. b5 Kd6 37. b6 a6 38. Kc1 Kd5 39. Kd1 Ke4 40. Ke1 Kf3 41. Kd1 Ke3 42. Kc1 Kd3 43. Kb1 Kc3 44. Ka1 Kb3+ 45. Kb1 Rh1# 0-1

[Event "Dortmund op-B"]
[Site "Dortmund"]
[Date "2005.07.09"]
[Round "2"]
[White "Kamper, Marco"]
[Black "Weiss, Manfred"]
[Result "1-0"]
[WhiteElo "1543"]
[BlackElo "1272"]
[PlyCount "103"]
[EventDate "2005.07.08"]
[EventType "swiss"]
[EventRounds "9"]
[EventCountry "GER"]
[SourceTitle "CBM 107 Extra"]
[Source "ChessBase"]
[SourceDate "2005.09.01"]
[SourceVersion "1"]
[SourceVersionDate "2005.09.01"]
[SourceQuality "1"]

1. e4 c5 2. Nf3 d6 3. d4 cxd4 4. Nxd4 Nf6 5. Nc3 Nc6 6. Be3 e6 7. f3 Be7 8. Bc4 0-0 9. Qd2 a6 10. 0-0-0 Nxd4 11. Bxd4 b5 12. Bb3 Bb7 13. g4 b4 14. Ne2 d5 15. Bxf6 gxf6 16. exd5 f5 17. gxf5 exd5 18. Rhg1+ Kh8 19. Qd4+ Bf6 20. Qxb4 Qc7 21. Qf4 Qxf4+ 22. Nxf4 d4 23. Nd5 Bxd5 24. Bxd5 Rad8 25. Be4 Be5 26. h4 Rd6 27. Rd3 Rh6 28. Rg4 Rg8 29. c4 dxc3 30. bxc3 Rxg4 31. fxg4 Rxh4 32. Bf3 Rh2 33. Kb1 Kg7 34. c4 a5 35. a4 Kf6 36. c5 Kg5 37. c6 Rh3 38. Kc2 Kf4 39. Bd1 Rh1 40. Rd5 Rh2+ 41. Kd3 Rh1 42. Kc4 Rh6 43. Kb5 Ke4 44. Rd7 Rd6 45. c7 Rxd7 46. c8Q Rd5+ 47. Kb6 Bd4+ 48. Kb7 Rc5 49. Qe8+ Be5 50. Qxf7 Rc7+ 51. Qxc7 Bxc7 52. Kxc7 1-0

[Event "Dortmund op-B"]
[Site "Dortmund"]
[Date "2005.07.08"]
[Round "1"]
[White "Weiss, Manfred"]
[Black "Maszewski, Mario"]
[Result "0-1"]
[WhiteElo "1272"]
[BlackElo "1657"]
[PlyCount "60"]
[EventDate "2005.07.08"]
[EventType "swiss"]
[EventRounds "9"]
[EventCountry "GER"]
[SourceTitle "CBM 107 Extra"]
[Source "ChessBase"]
[SourceDate "2005.09.01"]
[SourceVersion "1"]
[SourceVersionDate "2005.09.01"]
[SourceQuality "1"]

1. e4 c5 2. Nf3 Nc6 3. d4 cxd4 4. Nxd4 g6 5. Be3 Nf6 6. Nc3 Bg7 7. Qd2 Ng4 8. Nxc6 bxc6 9. Bd4 Bh6 10. Qd3 0-0 11. Be2 d6 12. Qh3 Ne3 13. Qxh6 Nxc2+ 14. Kd2 Nxd4 15. Rad1 Qb6 16. Kc1 Nxe2+ 17. Nxe2 Qxf2 18. Nf4 Qe3+ 19. Kb1 Qxe4+ 20. Ka1 Rb8 21. Rhe1 Qc2 22. Rb1 Bf5 23. Qg5 Qf2 24. Re2 Qd4 25. Rbe1 Rb6 26. Nxg6 Bxg6 27. Qxe7 Rfb8 28. Qe3 Rxb2 29. Qxd4 Rb1+ 30. Rxb1 Rxb1# 0-1

[Event "Dortmund op-B"]
[Site "Dortmund"]
[Date "2004.07.30"]
[Round "8"]
[White "Rothmann, Gideon"]
[Black "Weiss, Manfred"]
[Result "0-1"]
[WhiteElo "863"]
[BlackElo "1172"]
[PlyCount "92"]
[EventDate "2004.07.??"]
[EventType "swiss"]
[EventRounds "9"]
[EventCountry "GER"]
[SourceTitle "EXT 2006"]
[Source "ChessBase"]
[SourceDate "2005.11.24"]
[SourceVersion "1"]
[SourceVersionDate "2005.11.24"]
[SourceQuality "1"]

1. f4 c5 2. Nf3 d6 3. e4 Nc6 4. Bb5 Bd7 5. b3 a6 6. Bxc6 Bxc6 7. d3 Nf6 8. Bb2 b5 9. Nbd2 Qc7 10. e5 Nd5 11. exd6 Qxd6 12. Be5 Qe6 13. Qe2 f6 14. c4 Nb4 15. Bc3 Nc2+ 16. Kd1 Qxe2+ 17. Kxe2 Nxa1 18. Bxa1 e6 19. Re1 Kf7 20. Kf2 Bd6 21. g3 Rhe8 22. Ne4 Bxe4 23. dxe4 e5 24. fxe5 Bxe5 25. Nxe5+ fxe5 26. cxb5 axb5 27. Re2 Ke6 28. Bc3 b4 29. Be1 Rf8+ 30. Kg2 Rf7 31. Bf2 Rc8 32. Rc2 Rfc7 33. g4 c4 34. bxc4 Rxc4 35. Rxc4 Rxc4 36. Kf1 Rxe4 37. h3 g6 38. Kg2 Re2 39. Kf3 Rxa2 40. Bd4 b3 41. Ke4 b2 42. Bxe5 b1Q+ 43. Kf4 Qf1+ 44. Kg3 Kxe5 45. Kh4 g5+ 46. Kh5 Qxh3+ 0-1

[Event "Dortmund op-B"]
[Site "Dortmund"]
[Date "2004.07.28"]
[Round "6"]
[White "Becker, Eduard"]
[Black "Weiss, Manfred"]
[Result "1/2-1/2"]
[WhiteElo "1317"]
[BlackElo "1172"]
[PlyCount "152"]
[EventDate "2004.07.??"]
[EventType "swiss"]
[EventRounds "9"]
[EventCountry "GER"]
[SourceTitle "EXT 2006"]
[Source "ChessBase"]
[SourceDate "2005.11.24"]
[SourceVersion "1"]
[SourceVersionDate "2005.11.24"]
[SourceQuality "1"]

1. d4 d5 2. c4 e6 3. Nc3 c6 4. cxd5 exd5 5. e3 Nf6 6. Bd3 Bb4 7. f3 Be6 8. Nge2 Nbd7 9. 0-0 0-0 10. Nf4 Re8 11. Nxe6 Rxe6 12. Ne2 Bd6 13. Bd2 Qe7 14. Nf4 Bxf4 15. exf4 Qd6 16. a3 a5 17. f5 Re7 18. b4 b6 19. Rc1 Nb8 20. Rc2 Qd7 21. bxa5 bxa5 22. Qc1 Qa7 23. Qa1 Qb6 24. Rb1 Qd8 25. Rcb2 Nbd7 26. Bf4 Re8 27. Rb7 c5 28. dxc5 Nxc5 29. Rb8 Rxb8 30. Rxb8 Qe7 31. Rxe8+ Qxe8 32. Bf1 h6 33. Qc3 Nb7 34. Qc7 Qd7 35. Qxd7 Nxd7 36. Kf2 f6 37. Ke3 Kf7 38. Bb5 Nb6 39. Bc7 Nc4+ 40. Bxc4 dxc4 41. Kd4 Ke7 42. Kxc4 Kd7 43. Bf4 Kc6 44. g3 Nc5 45. g4 Nd7 46. h4 Nf8 47. Be3 Nd7 48. f4 Nf8 49. Bd4 Nd7 50. g5 h5 51. gxf6 gxf6 52. Bc3 Nb6+ 53. Kd3 Nd5 54. Bxa5 Nxf4+ 55. Ke4 Ng2 56. Bd8 Nxh4 57. Bxf6 Nxf5 58. Kxf5 Kb7 59. Kg5 Ka8 60. Kxh5 Kb7 61. Kg6 Ka8 62. Kf7 Kb7 63. a4 Ka8 64. Ke7 Kb7 65. Kd7 Ka8 66. Kc6 Ka7 67. a5 Ka8 68. Kb6 Kb8 69. Ka6 Ka8 70. Kb6 Kb8 71. Be5+ Ka8 72. Kb5 Ka7 73. a6 Ka8 74. Ka4 Ka7 75. Kb5 Ka8 76. Kc6 Ka7 1/2-1/2

[Event "Dortmund op-B"]
[Site "Dortmund"]
[Date "2004.07.27"]
[Round "5"]
[White "Weiss, Manfred"]
[Black "Adomeit, Dmitri"]
[Result "0-1"]
[WhiteElo "1172"]
[BlackElo "1316"]
[PlyCount "79"]
[EventDate "2004.07.??"]
[EventType "swiss"]
[EventRounds "9"]
[EventCountry "GER"]
[SourceTitle "EXT 2006"]
[Source "ChessBase"]
[SourceDate "2005.11.24"]
[SourceVersion "1"]
[SourceVersionDate "2005.11.24"]
[SourceQuality "1"]

1. e4 e6 2. d4 d5 3. e5 c5 4. Bb5+ Bd7 5. Bxd7+ Nxd7 6. Nf3 Qb6 7. 0-0 cxd4 8. Nxd4 Nxe5 9. Nb3 Bd6 10. Be3 Qc7 11. Nc3 a6 12. Bd4 Ne7 13. f4 Nc4 14. Qg4 Nf5 15. Nxd5 Qd8 16. Bxg7 Rg8 17. Nf6+ Qxf6 18. Bxf6 Rxg4 19. g3 Rg6 20. Bc3 Ke7 21. Rfe1 Rag8 22. Nd4 Nxd4 23. Bxd4 Bxf4 24. Bc5+ Bd6 25. Re4 Bxc5+ 26. Kg2 Ne3+ 27. Kh1 h5 28. b4 Ba7 29. c4 Nf5 30. Rd1 h4 31. c5 hxg3 32. h3 Rh8 33. Kg2 Nh4+ 34. Kg1 g2 35. Rc4 Nf3+ 36. Kf2 g1Q+ 37. Rxg1 Nxg1 38. a4 Nxh3+ 39. Ke3 Rg3+ 40. Ke2 0-1

[Event "Dortmund op-B"]
[Site "Dortmund"]
[Date "2004.07.25"]
[Round "3"]
[White "Grasse, Herbert"]
[Black "Weiss, Manfred"]
[Result "1-0"]
[WhiteElo "1349"]
[BlackElo "1172"]
[PlyCount "97"]
[EventDate "2004.07.??"]
[EventType "swiss"]
[EventRounds "9"]
[EventCountry "GER"]
[SourceTitle "EXT 2006"]
[Source "ChessBase"]
[SourceDate "2005.11.24"]
[SourceVersion "1"]
[SourceVersionDate "2005.11.24"]
[SourceQuality "1"]

1. Nf3 c5 2. g3 d5 3. Bg2 Nc6 4. 0-0 Bg4 5. d3 e6 6. Qe1 Nf6 7. Nbd2 Be7 8. e4 d4 9. h3 Bxf3 10. Nxf3 e5 11. Qe2 0-0 12. Nh4 h6 13. Nf5 Nh7 14. f4 Bf6 15. h4 Ne7 16. Qg4 Nxf5 17. exf5 Rb8 18. Be4 Kh8 19. Kh2 Re8 20. Qh5 Qe7 21. Kh3 Qf8 22. g4 Qg8 23. g5 exf4 24. Rg1 hxg5 25. hxg5 Be5 26. g6 fxg6 27. fxg6 Re6 28. Kg4 Rf6 29. Kf3 Re8 30. Rh1 Re7 31. Qxh7+ Qxh7 32. Rxh7+ Kg8 33. Bd5+ Rfe6 34. Bxf4 Bxf4 35. Kxf4 Re8 36. Re1 Rf8+ 37. Kg5 Rf2 38. Bxe6+ Kf8 39. Rh8+ Ke7 40. Bb3+ Kd7 41. Ba4+ Kc7 42. Re7+ Kb6 43. Rxg7 Ka5 44. Bb3 a6 45. Rxb7 c4 46. Bxc4 Rxc2 47. g7 Ka4 48. g8Q Ka5 49. Bb3 1-0

[Event "Dortmund op-B"]
[Site "Dortmund"]
[Date "2004.07.24"]
[Round "2"]
[White "Weiss, Manfred"]
[Black "Kappler, Thomas"]
[Result "0-1"]
[WhiteElo "1172"]
[BlackElo "1486"]
[PlyCount "82"]
[EventDate "2004.07.??"]
[EventType "swiss"]
[EventRounds "9"]
[EventCountry "GER"]
[SourceTitle "EXT 2006"]
[Source "ChessBase"]
[SourceDate "2005.11.24"]
[SourceVersion "1"]
[SourceVersionDate "2005.11.24"]
[SourceQuality "1"]

1. e4 c5 2. Nf3 e6 3. d4 cxd4 4. Nxd4 a6 5. Nc3 Bc5 6. Be3 Qb6 7. Rb1 Nc6 8. Nxc6 Bxe3 9. Qe2 Bxf2+ 10. Qxf2 Qxf2+ 11. Kxf2 dxc6 12. Na4 Nf6 13. Ke3 Nd7 14. Rd1 b5 15. Nc3 Bb7 16. a3 Rd8 17. g3 0-0 18. Bg2 f5 19. Bh3 g6 20. Rhf1 c5 21. g4 Nb6 22. Rxd8 Rxd8 23. gxf5 Nc4+ 24. Kf4 exf5 25. b3 Nxa3 26. exf5 gxf5 27. Rg1+ Kh8 28. Bxf5 Rd2 29. Be6 Rg2 30. Rd1 Rf2+ 31. Ke5 Rf8 32. Ne4 Bxe4 33. Kxe4 Nxc2 34. Rd5 Nd4 35. Rd6 Re8 36. Kd5 Nxe6 37. Rxe6 Rxe6 38. Kxe6 c4 39. bxc4 bxc4 40. Ke5 c3 41. Ke4 c2 0-1